A1-A10 Quiz - Statistiken

Allgemein
  • Dieses Quiz wurde 14 mal gespielt
  • Das Durchschnittsergebnis liegt bei 4 aus 10
Antwortstatistiken
Antwort % Korrekt
A1 Heiligenhafen bis Saarbrücken
75%
A9 Berliner Ring bis München
67%
A3 Emmerich am Rhein bis Passau
42%
A4 Aachen bis Görlitz
42%
A7 Flensburg bis Füssen
42%
A10 Berliner Ring
33%
A2 Oberhausen bis Berliner Ring
33%
A5 Hattenbacher Dreieck bis Weil am Rhein
25%
A6 Saarbrücken bis Waidhaus
0%
A8 Perl bis Bad Reichfall
0%
Keine übereinstimmenden Quizze gefunden
Verteilung der Resultate
Anzahl Personen mit jedem Resultat
Perzentil nach korrekt beantworteten Fragen
Ihre Resultats-Entwicklung
Sie haben dieses Quiz noch nicht gespielt